<?xml version="1.0" encoding="UTF-8"?>
<record
    xmlns:xsi="http://www.w3.org/2001/XMLSchema-instance"
    xsi:schemaLocation="http://www.loc.gov/MARC21/slim http://www.loc.gov/standards/marcxml/schema/MARC21slim.xsd"
    xmlns="http://www.loc.gov/MARC21/slim">

  <leader>01513nam a2200349Ia 4500</leader>
  <controlfield tag="003">OSt</controlfield>
  <controlfield tag="005">20250220101113.0</controlfield>
  <controlfield tag="008">210210b1994   xxu||||| |||| 00| 0 eng d</controlfield>
  <datafield tag="040" ind1=" " ind2=" ">
    <subfield code="c">AL</subfield>
  </datafield>
  <datafield tag="041" ind1=" " ind2=" ">
    <subfield code="a">Kannada</subfield>
  </datafield>
  <datafield tag="082" ind1=" " ind2=" ">
    <subfield code="a">K894.2 ASHS</subfield>
  </datafield>
  <datafield tag="100" ind1=" " ind2=" ">
    <subfield code="a">ASHOKA (T P),Ed.</subfield>
    <subfield code="9">136734</subfield>
    <subfield code="d">&#xC85;&#xCB6;&#xCCB;&#xC95; (&#xC9F;&#xCBF; &#xCAA;&#xCBF;)</subfield>
  </datafield>
  <datafield tag="245" ind1=" " ind2=" ">
    <subfield code="a">Shriranga samputa.1.Ayda natakagalu.</subfield>
    <subfield code="b">&#xCB6;&#xCCD;&#xCB0;&#xCC0;&#xCB0;&#xC82;&#xC97; &#xCB8;&#xC82;&#xCAA;&#xCC1;&#xC9F; &#xCE7;: &#xC86;&#xCAF;&#xCCD;&#xCA6; &#xCA8;&#xCBE;&#xC9F;&#xC95;&#xC97;&#xCB3;&#xCC1;</subfield>
  </datafield>
  <datafield tag="260" ind1=" " ind2=" ">
    <subfield code="a">Hampi</subfield>
    <subfield code="b">Kannada Vishvavidyanilaya</subfield>
    <subfield code="c">1994</subfield>
  </datafield>
  <datafield tag="300" ind1=" " ind2=" ">
    <subfield code="a">iv,xx,550</subfield>
  </datafield>
  <datafield tag="650" ind1=" " ind2=" ">
    <subfield code="a">Harijanvara &#xCB9;&#xCB0;&#xCBF;&#xC9C;&#xCA8;&#xCCD;&#xCB5;&#xCBE;&#xCB0;</subfield>
    <subfield code="9">136735</subfield>
  </datafield>
  <datafield tag="650" ind1=" " ind2=" ">
    <subfield code="a"> Prapancha panipattu &#xCAA;&#xCCD;&#xCB0;&#xCAA;&#xC82;&#xC9A; &#xCAA;&#xCBE;&#xCA3;&#xCBF;&#xCAA;&#xCA4;&#xCCD;&#xCA4;&#xCC1;</subfield>
    <subfield code="9">136739</subfield>
  </datafield>
  <datafield tag="650" ind1=" " ind2=" ">
    <subfield code="a">Sandhyakala &#xCB8;&#xC82;&#xCA7;&#xCCD;&#xCAF;&#xCBE;&#xC95;&#xCBE;&#xCB2;</subfield>
    <subfield code="9">136740</subfield>
  </datafield>
  <datafield tag="650" ind1=" " ind2=" ">
    <subfield code="a">Kattale belaku  &#xC95;&#xCA4;&#xCCD;&#xCA4;&#xCB2;&#xCC6; &#xCAC;&#xCC6;&#xCB3;&#xC95;&#xCC1;</subfield>
    <subfield code="9">136741</subfield>
  </datafield>
  <datafield tag="651" ind1=" " ind2=" ">
    <subfield code="a">Kelu Janamejaya &#xC95;&#xCC7;&#xCB3;&#xCC1; &#xC9C;&#xCA8;&#xCAE;&#xCC7;&#xC9C;&#xCAF;</subfield>
    <subfield code="9">136742</subfield>
  </datafield>
  <datafield tag="651" ind1=" " ind2=" ">
    <subfield code="a">Sanjivini  &#xCB8;&#xC82;&#xC9C;&#xCC0;&#xCB5;&#xCA8;&#xCBF; </subfield>
    <subfield code="9">136743</subfield>
  </datafield>
  <datafield tag="651" ind1=" " ind2=" ">
    <subfield code="a">Parameshvara  &#xCAA;&#xCB0;&#xCAE;&#xCC7;&#xCB6;&#xCCD;&#xCB5;&#xCB0;   </subfield>
    <subfield code="9">136746</subfield>
  </datafield>
  <datafield tag="651" ind1=" " ind2=" ">
    <subfield code="a">Pulikeshi  &#xCAA;&#xCC1;&#xCB2;&#xCBF;&#xC95;&#xCC7;&#xCB6;&#xCC0;   </subfield>
    <subfield code="9">136747</subfield>
  </datafield>
  <datafield tag="651" ind1=" " ind2=" ">
    <subfield code="a">Shokachakra &#xCB6;&#xCCB;&#xC95;&#xCB8;&#xCBE;&#xC97;&#xCB0; </subfield>
    <subfield code="9">136748</subfield>
  </datafield>
  <datafield tag="651" ind1=" " ind2=" ">
    <subfield code="a"> Rangabharata &#xCB0;&#xC82;&#xC97;&#xCAD;&#xCBE;&#xCB0;&#xCA4;  </subfield>
    <subfield code="9">136749</subfield>
  </datafield>
  <datafield tag="651" ind1=" " ind2=" ">
    <subfield code="a">Svargakke Mure Bagilu  &#xCB8;&#xCCD;&#xCB5;&#xCB0;&#xCCD;&#xC97;&#xC95;&#xCCD;&#xC95;&#xCC6; &#xCAE;&#xCC2;&#xCB0;&#xCC6; &#xCAC;&#xCBE;&#xC97;&#xCBF;&#xCB2;&#xCC1; </subfield>
    <subfield code="9">136750</subfield>
  </datafield>
  <datafield tag="651" ind1=" " ind2=" ">
    <subfield code="a">Anubandha 1-Shrirangara itara natakagalu </subfield>
    <subfield code="9">136751</subfield>
  </datafield>
  <datafield tag="651" ind1=" " ind2=" ">
    <subfield code="a">Anubandha-2 Shrirangara Natakagalannu Kuritu</subfield>
    <subfield code="9">136752</subfield>
  </datafield>
  <datafield tag="690" ind1=" " ind2=" ">
    <subfield code="a">Kannada Drama</subfield>
    <subfield code="9">136736</subfield>
  </datafield>
  <datafield tag="906" ind1=" " ind2=" ">
    <subfield code="a">049227</subfield>
  </datafield>
  <datafield tag="942" ind1=" " ind2=" ">
    <subfield code="2">ddc</subfield>
    <subfield code="c">BK</subfield>
  </datafield>
  <datafield tag="999" ind1=" " ind2=" ">
    <subfield code="c">97999</subfield>
    <subfield code="d">97999</subfield>
  </datafield>
  <datafield tag="952" ind1=" " ind2=" ">
    <subfield code="0">0</subfield>
    <subfield code="1">0</subfield>
    <subfield code="2">ddc</subfield>
    <subfield code="4">0</subfield>
    <subfield code="7">0</subfield>
    <subfield code="8">KAN</subfield>
    <subfield code="a">AL</subfield>
    <subfield code="b">AL</subfield>
    <subfield code="d">2021-02-17</subfield>
    <subfield code="g">120.00</subfield>
    <subfield code="l">0</subfield>
    <subfield code="o">K894.2 ASHS</subfield>
    <subfield code="p">049227</subfield>
    <subfield code="r">2021-02-17 00:00:00</subfield>
    <subfield code="w">2021-02-17</subfield>
    <subfield code="y">BK</subfield>
  </datafield>
</record>
